| 000 | 01318nmc a2200445 a 4500 | ||
|---|---|---|---|
| 003 | AR-BaBNM | ||
| 005 | 20251128203952.0 | ||
| 008 | 315119s1993 ||||||||||||||000 | spa|| | ||
| 020 | _a950-9732-04-4 | ||
| 040 | _cAR-BaBNM | ||
| 100 | 1 | _aBertoni, Lilia Ana | |
| 245 | 1 | 0 | _aLa Argentina se organiza |
| 250 | _a3ª ed. | ||
| 260 |
_aBuenos Aires _bLibros del Quirquincho _c1993 |
||
| 300 | 0 |
_a63 p. _bil. |
|
| 490 | 0 |
_aUna historia argentina _vv. 8 |
|
| 504 | _aContiene bibliografía | ||
| 600 | 0 | 4 |
_aMitre _d1862-1868 |
| 650 | 4 | _aENSENANZA DE LA HISTORIA | |
| 650 | 4 | _aPERIODO INDEPENDIENTE | |
| 650 | 4 | _aORGANIZACION NACIONAL | |
| 650 | 4 | _aBATALLA DE CASEROS | |
| 650 | 4 | _aPRONUNCIAMIENTO DE URQUIZA | |
| 650 | 4 | _aGUERRA DEL PARAGUAY | |
| 650 | 4 | _aHISTORIA PROVINCIAL ARGENTINA | |
| 650 | 4 | _aCONQUISTA DEL DESIERTO | |
| 650 | 4 | _aHISTORIA DE BUENOS AIRES | |
| 650 | 4 | _aCONGRESO CONSTITUYENTE DE 1853 | |
| 650 | 4 | _aCONFEDERACION ARGENTINA | |
| 650 | 4 | _aHISTORIA CONSTITUCIONAL | |
| 650 | 4 | _aGUERRAS CIVILES ARGENTINAS | |
| 651 | 4 | _aArgentina | |
| 700 | 1 | _aRomero, Luis Alberto | |
| 700 | 1 |
_aMontes, Graciela _ecolaborador |
|
| 700 | 1 |
_aSchlaen, Carlos _eilustrador |
|
| 800 | 1 | _aBertoni, Lilia Ana | |
| 800 | 1 |
_aRomero, Luis Alberto _edirector |
|
| 942 | _cBK | ||
| 998 | _cHector | ||
| 999 |
_c5649 _d5649 |
||